000 00633nam a22001937a 4500
003 OSt
005 20260204031914.0
008 260204b |||||||| |||| 00| 0 eng d
020 _a232 R248w 2004
040 _aDWC-Main lib
_cOC
082 _aFil. 490.7 R439 2004
100 _aSauco, Consolacion P. Et. Al.
245 _aRetorika para sa antas tersyaryo
_cConsolacion P. Sauco Et. Al.
260 _aMakati City :
_bKatha Publishing Co., Inc.,
_cc2004.
300 _aIX, 197 pages ;
_c25 cm.
504 _aIncludes bibliographical references.
650 _a1. Filipino language-Study and teaching.
942 _2ddc
_cBK-FIL
_kFil.
_n0
999 _c8250
_d8250